Score 0/46 Timer 06:00
4 Plays Today
Married Name Maiden Name % Correct
Hillary ClintonRodham
82.5%
Jacqueline KennedyBouvier
74.4%
Eleanor RooseveltRoosevelt
71.9%
Abigail AdamsSmith
70.7%
Margaret TaylorSmith
70.7%
Rosalynn CarterSmith
70.7%
Mary LincolnTodd
68.5%
Louisa AdamsJohnson
59.2%
Michelle ObamaRobinson
57.4%
Nancy ReaganRobbins
56.9%
Claudia 'Lady Bird' JohnsonTaylor
47.7%
Barbara BushPierce
47%
Melania TrumpKnavs
46.4%
Martha WashingtonDandridge
44.8%
Laura BushWelch
40.2%
Mamie EisenhowerDoud
40%
Julia GrantDent
36.9%
Frances ClevelandFolsom
36.9%
Elizabeth 'Betty' FordBloomer
36.6%
Lou HooverHenry
35.8%
Thelma 'Pat' NixonRyan
35.8%
Dolley MadisonPayne
34.1%
Elizabeth TrumanWallace
32.7%
Married Name Maiden Name % Correct
Edith WilsonBolling
32%
Martha JeffersonWayles
31.8%
Sarah PolkChildress
31.7%
Hannah van BurenHoes
31.3%
Elizabeth MonroeKortright
30.5%
Rachel JacksonDonelson
30.5%
Lucy HayesWebb
29.8%
Florence HardingKling
29.6%
Grace CoolidgeGoodhue
29.6%
Jane PierceAppleton
29.6%
Helen TaftHerron
29.5%
Ida McKinleySaxton
29.3%
Edith RooseveltCarow
28.8%
Harriet JohnstonLane
28.7%
Julia TylerGardiner
27.5%
Anna HarrisonSymmes
26.6%
Eliza JohnsonMcCardle
26.4%
Caroline HarrisonScott
26.1%
Abigail FillmorePowers
25.7%
Ellen WilsonAxson
25.4%
Letitia TylerChristian
24.5%
Lucretia GarfieldRudolph
22.5%
Ellen ArthurHerndon
18.7%
Remove Ads.
Support Sporcle.
Get the best of Sporcle when you Go Orange. This ad-free experience offers more features, more stats, and more fun while also helping to support Sporcle. Thank you for becoming a member.

You're not logged in!

Compare scores with friends on all Sporcle quizzes.
OR
Log In

Show Comments

Extras

Top Quizzes Today


Score Distribution

Your Account Isn't Verified!

In order to create a playlist on Sporcle, you need to verify the email address you used during registration. Go to your Sporcle Settings to finish the process.

Report this User

Report this user for behavior that violates our Community Guidelines.

Details: